000
00233nam a22000857a 4500
001
1301084
005
20260428141152.0
245
_a
İSLAM İLMİHALİ
_c
LÜTFİ ŞENTÜRK SEYFETTİN YAZICI
260
_b
DİNİ YAYINLAR GENEL MÜDÜRLÜĞÜ
999
_c
1301084
_d
1301084